00730nam a2200169Ia 4500003000900000008004100009020001800050040001600068080002300084111011900107245019300226260003700419300001500456490005100471650001900522700001900541IN-BaIIA211028s9999 xx 000 0 eng d a0-7923-4598-3 cIIA Library a52(082.1)bASS-215 aWorkshop on Infrared Space Interferometry-Astrophysics and the Study of Earth-Like PlanetscSpaind1996 Mar. 11-14 0aInfrared space interferometry-astrophysics and the study of earth-like planetsbproceedings of the workshop held in Toledo, Spain, Mar 11-14, 1996cedited by C. Eiroa  aDordrechtbKluwer Academicc1997 axvi, 322p. aAstrophysics and space science library; v. 215 aInterferometry aEiroa, C., ed.